Ako v zdravotnom poistení? 2

Súvislosti, fakty a argumenty k pripravovanej novele zákona č. 273/1994 Z.z. o zdravotnom poistení a poisťovniach. Vzťah medzi disponibilnými finančnými zdrojmi na zdravotnú starostlivosť a medzi kapacitami poskytovateľov zdravotnej starostlivosti.

Salvato in:
Dettagli Bibliografici
Autore principale: Kováč, E.
Natura: Capitolo di libro
Lingua:slovacco
Soggetti:
Tags: Aggiungi Tag
Nessun Tag, puoi essere il primo ad aggiungerne!!

MARC

LEADER 00000naa a2200000 4500
001 r019212
005 20221205101744.1
041 0 |a slo 
044 |a SK 
245 1 0 |a Ako v zdravotnom poistení? 2  |c E. Kováč 
520 |a Súvislosti, fakty a argumenty k pripravovanej novele zákona č. 273/1994 Z.z. o zdravotnom poistení a poisťovniach. Vzťah medzi disponibilnými finančnými zdrojmi na zdravotnú starostlivosť a medzi kapacitami poskytovateľov zdravotnej starostlivosti. 
610 2 0 |a Slovensko 
610 2 0 |a 1995 
610 2 0 |a poistenie zdravotné 
610 2 0 |a zdravotníctvo 
610 2 0 |a transformácia 
610 2 0 |a poisťovne zdravotné 
100 1 |a Kováč, E.